000 00477nam a2200181Ia 4500
003 GCL
008 140319s9999 xx 000 0 eng d
040 _aGCL /
_cGCL
082 0 4 _a004.019
_bP H
100 1 _aPREECE, JENNY
245 1 0 _aHUMAN COMPUTER INTERACTION: SELECTED READINGS /
_cPREECE, JENNY
700 1 _aKELLER, LAURIE
260 _a[S.N] :
_bPRENTICE HALL ،
_c1990
300 _a637 P
650 0 4 _aHUMAN
650 0 4 _aCOMPUTER INTERACTION
942 _2ddc
_cBK
999 _c10864
_d10864